Электроимпульсная технология получения наноразмерных сорбентов на основе композиции системы FemOn - Fe3C - Fe: диссертация на соискание ученой степени кандидата технических наук; спец. 05.17.11

Бібліографічні деталі
Автор: Митькина В. А. Виктория Александровна
Співавтор: Национальный исследовательский Томский политехнический университет (ТПУ)
Інші автори: Галанов А. И. Андрей Иванович (научный руководитель)
Резюме:Защищена 13.12.2011 г.
Мова:Російська
Опубліковано: Томск, 2011
Предмети:
Формат: MixedMaterials Книга
KOHA link:https://koha.lib.tpu.ru/cgi-bin/koha/opac-detail.pl?biblionumber=205968

MARC

LEADER 00000nbm0a2200000 4500
001 205968
005 20231101225320.0
035 |a (RuTPU)RU\TPU\book\224508 
035 |a RU\TPU\book\224505 
090 |a 205968 
100 |a 20111221j20111213k y0rusy50 ca 
101 0 |a rus 
102 |a RU 
105 |a a m 001zy 
200 1 |a Электроимпульсная технология получения наноразмерных сорбентов на основе композиции системы FemOn - Fe3C - Fe  |e диссертация на соискание ученой степени кандидата технических наук  |e спец. 05.17.11  |f В. А. Митькина  |g Национальный исследовательский Томский политехнический университет (ТПУ) ; науч. рук. А. И. Галанов 
210 |a Томск  |d 2011 
215 |a 147 л.  |c ил. 
300 |a Защищена 13.12.2011 г. 
320 |a Библиогр.: с. 130-144 (160 назв.). 
606 1 |a Сорбенты ферромагнитные  |2 stltpush  |3 (RuTPU)RU\TPU\subj\31940  |9 54653 
610 1 |a наноразмерные магнитные материалы 
610 1 |a получение 
610 1 |a наноразмерные композиционные материалы 
610 1 |a технология 
610 1 |a адсорбционные свойства 
610 1 |a метод электроискрового диспергирования 
610 1 |a диссертации 
610 1 |a труды учёных ТПУ 
675 |a 661.183(04)  |v 3 
686 |a 05.17.11  |2 oksvnk 
700 1 |a Митькина  |b В. А.  |c химик-технолог  |c инженер-исследователь Томского политехнического университета, аспирант  |f 1987-  |g Виктория Александровна  |2 stltpush  |3 (RuTPU)RU\TPU\pers\25619 
702 1 |a Галанов  |b А. И.  |c химик  |c доцент Томского политехнического университета, кандидат химических наук  |f 1970-  |g Андрей Иванович  |2 stltpush  |3 (RuTPU)RU\TPU\pers\25608  |4 727 
712 0 2 |a Национальный исследовательский Томский политехнический университет (ТПУ)  |c (2009- )  |2 stltpush  |3 (RuTPU)RU\TPU\col\15902 
801 1 |a RU  |b 63413507  |c 20111221 
801 2 |a RU  |b 63413507  |c 20120112  |g RCR 
942 |c BK